[Event "Remote S7E Adv-135 email"]
[Site "Remote email"]
[Date "2013.07.29"]
[Round "?"]
[White "Cavalcanti, Antonio"]
[Black "Duchene, Klaus"]
[Result "1/2-1/2"]
[WhiteElo "2175"]
[BlackElo "2232"]
[PlyCount "64"]
[EventDate "2013.??.??"]
[EventType "tourn (corr)"]
[EventRounds "6"]
[EventCountry "GER"]
[SourceTitle "Corr 2015"]
[Source "ChessBase"]
[SourceDate "2015.07.17"]
[SourceVersion "1"]
[SourceVersionDate "2015.07.17"]
[SourceQuality "1"]

1. Nf3 d5 2. d4 Bf5 3. c4 dxc4 4. e3 e6 5. Bxc4 Nd7 6. 0-0 c6 7. Nc3 Nb6 8. Bb3 Bg4 9. h3 Bh5 10. g4 Bg6 11. e4 Nf6 12. Qe2 Bb4 13. Ng5 Bxc3 14. bxc3 h6 15. Nf3 Nxe4 16. Ne5 Qf6 17. Qe1 0-0-0 18. f3 Nd6 19. a4 Nd5 20. c4 Nf4 21. Qe3 Nxh3+ 22. Kg2 Ng5 23. Ra2 Qe7 24. Nxg6 fxg6 25. Re1 Kb8 26. d5 c5 27. Qe5 Rhf8 28. f4 Ngf7 29. Qxe6 Qh4 30. Rh1 Qf6 31. Qxf6 gxf6 32. Re2 f5 1/2-1/2

[Event "Remote S7E Adv-135 email"]
[Site "Remote email"]
[Date "2013.07.29"]
[Round "?"]
[White "Wittig, Frank"]
[Black "Cavalcanti, Antonio"]
[Result "1-0"]
[WhiteElo "2313"]
[BlackElo "2175"]
[PlyCount "97"]
[EventDate "2013.??.??"]
[EventType "tourn (corr)"]
[EventRounds "6"]
[EventCountry "GER"]
[SourceTitle "Corr 2015"]
[Source "ChessBase"]
[SourceDate "2015.07.17"]
[SourceVersion "1"]
[SourceVersionDate "2015.07.17"]
[SourceQuality "1"]

1. e4 Nc6 2. d4 d5 3. exd5 Qxd5 4. Nf3 Bg4 5. Nc3 Qa5 6. Bb5 0-0-0 7. Bxc6 bxc6 8. Qd3 c5 9. d5 e6 10. 0-0 c4 11. Qe3 Bc5 12. Qf4 Nf6 13. dxe6 Bxe6 14. Ne5 Nd5 15. Nxd5 Rxd5 16. Nxc4 Qa6 17. b3 Rf5 18. Qe4 Qb7 19. Qe2 Rf6 20. Bg5 Rg6 21. h4 Bxc4 22. Qxc4 Qc6 23. g3 h6 24. Bf4 Re6 25. Rfe1 Rhe8 26. Rxe6 Rxe6 27. Qd3 f6 28. h5 Kb7 29. c4 a6 30. Rf1 Re7 31. Rd1 a5 32. Qd5 Re2 33. Rd2 Qxd5 34. cxd5 Re1+ 35. Kg2 Bd6 36. Be3 Kc8 37. g4 Kb7 38. Rc2 Rd1 39. Bd2 Bb4 40. Bf4 Bd6 41. Bxd6 cxd6 42. Re2 Rxd5 43. Re7+ Kc6 44. Rxg7 Rd2 45. Rg6 Rd4 46. Kg3 f5 47. gxf5 Kd5 48. Re6 Rb4 49. Re7 1-0

[Event "Remote Master email"]
[Site "Remote email"]
[Date "2013.02.10"]
[Round "?"]
[White "Cavalcanti, Antonio"]
[Black "Markus, Roland"]
[Result "0-1"]
[WhiteElo "2190"]
[BlackElo "2491"]
[PlyCount "98"]
[EventDate "2013.??.??"]
[EventType "swiss (corr)"]
[EventRounds "6"]
[EventCountry "GER"]
[SourceTitle "Corr 2015"]
[Source "ChessBase"]
[SourceDate "2015.07.17"]
[SourceVersion "1"]
[SourceVersionDate "2015.07.17"]
[SourceQuality "1"]

1. Nf3 Nf6 2. d4 g6 3. Nc3 d5 4. g3 Bg7 5. Bg2 0-0 6. 0-0 c6 7. Bf4 Bf5 8. Qd2 Nbd7 9. a4 a5 10. b3 Qb6 11. Rfd1 Rfe8 12. Nh4 Bg4 13. Nf3 Nh5 14. Be3 Qb4 15. h3 Bxf3 16. Bxf3 e5 17. Bxh5 gxh5 18. Qd3 Re6 19. Na2 Qd6 20. Nc3 h4 21. g4 Rae8 22. Rab1 exd4 23. Bxd4 Ne5 24. Qd2 Bh6 25. f4 Ng6 26. e3 c5 27. Be5 Nxe5 28. fxe5 Rxe5 29. Nxd5 Qe6 30. Qg2 Bxe3+ 31. Kh1 Bd4 32. Nf4 Qd6 33. c3 Re3 34. cxd4 Qxf4 35. Rf1 Qxd4 36. Rbd1 Qc3 37. Qxb7 Rxh3+ 38. Kg1 Rg3+ 39. Kh1 Rh3+ 40. Kg1 Rg3+ 41. Kh1 f5 42. Qd5+ Kh8 43. Rd2 Rh3+ 44. Kg1 Qe3+ 45. Rdf2 fxg4 46. Qd6 Rf3 47. Qd2 Rg3+ 48. Kh2 Qe4 49. Qb2+ Kg8 0-1

[Event "Remote Master email"]
[Site "Remote email"]
[Date "2013.02.10"]
[Round "?"]
[White "Cavalcanti, Antonio"]
[Black "Nackas, Hans Juergen"]
[Result "1-0"]
[WhiteElo "2181"]
[BlackElo "2021"]
[PlyCount "79"]
[EventDate "2013.??.??"]
[EventType "swiss (corr)"]
[EventRounds "6"]
[EventCountry "GER"]
[SourceTitle "Corr 2015"]
[Source "ChessBase"]
[SourceDate "2015.07.17"]
[SourceVersion "1"]
[SourceVersionDate "2015.07.17"]
[SourceQuality "1"]

1. e4 e6 2. d4 d5 3. exd5 exd5 4. Nc3 Bb4 5. Bd3 Nf6 6. Nge2 Nc6 7. a3 Bxc3+ 8. bxc3 0-0 9. 0-0 Re8 10. Re1 Bd7 11. Ng3 Rxe1+ 12. Qxe1 Na5 13. Qe5 Nc6 14. Qg5 h6 15. Qh4 b6 16. Bxh6 gxh6 17. Qxh6 Ng4 18. Qh7+ Kf8 19. f3 Nf6 20. Qh6+ Ke8 21. Bb5 Ng8 22. Re1+ Nce7 23. Qg7 Bxb5 24. Qxg8+ Kd7 25. Qxf7 c5 26. Nf5 Kc8 27. Rxe7 a6 28. Qe6+ Bd7 29. Qe5 cxd4 30. Nd6+ Kb8 31. Nb5+ Kc8 32. Qxd5 axb5 33. Qxa8+ Kc7 34. Qxd8+ Kxd8 35. Rxd7+ Kxd7 36. cxd4 Ke6 37. h4 Kd5 38. c3 Ke6 39. h5 Kf7 40. d5 1-0

[Event "Remote Master email"]
[Site "Remote email"]
[Date "2013.02.10"]
[Round "?"]
[White "Cavalcanti, Antonio"]
[Black "Sicker, Rolf"]
[Result "0-1"]
[WhiteElo "2175"]
[BlackElo "2371"]
[PlyCount "96"]
[EventDate "2013.??.??"]
[EventType "swiss (corr)"]
[EventRounds "6"]
[EventCountry "GER"]
[SourceTitle "Corr 2015"]
[Source "ChessBase"]
[SourceDate "2015.07.17"]
[SourceVersion "1"]
[SourceVersionDate "2015.07.17"]
[SourceQuality "1"]

1. d4 d5 2. Nf3 Nf6 3. c4 e6 4. e3 c6 5. Nc3 Nbd7 6. Bd3 dxc4 7. Bxc4 b5 8. Bd3 a6 9. e4 c5 10. d5 Bb7 11. 0-0 Qc7 12. Bc2 0-0-0 13. dxe6 Ne5 14. Qe2 Nxf3+ 15. Qxf3 fxe6 16. Bf4 Bd6 17. Bxd6 Rxd6 18. Qe3 Ng4 19. Qh3 h5 20. Bd1 Rd3 21. g3 Nf6 22. Qxe6+ Kb8 23. Qf5 h4 24. Be2 Rd2 25. Bf3 hxg3 26. hxg3 Rxb2 27. Nd5 Nxd5 28. exd5 Qd6 29. Rfb1 Rd2 30. Rd1 Rf8 31. Qe4 Rb2 32. Rdb1 Rxb1+ 33. Rxb1 c4 34. Bg2 Qc5 35. Rb2 Ka7 36. Rc2 Rf6 37. Qg4 g6 38. Qg5 Re6 39. Kh2 Rd6 40. Qe5 Kb6 41. Rc1 a5 42. a4 Bxd5 43. Rd1 Bxg2 44. Rxd6+ Bc6 45. Rxc6+ Kxc6 46. Qf6+ Kc7 47. axb5 a4 48. Qxg6 c3 0-1

[Event "Remote 7er email"]
[Site "Remote email"]
[Date "2012.12.30"]
[Round "?"]
[White "Cavalcanti, Antonio"]
[Black "Nowak, Mathias"]
[Result "0-1"]
[WhiteElo "2170"]
[BlackElo "2321"]
[PlyCount "52"]
[EventDate "2012.??.??"]
[EventType "tourn (corr)"]
[EventRounds "6"]
[EventCountry "GER"]
[SourceTitle "Corr 2015"]
[Source "ChessBase"]
[SourceDate "2015.07.17"]
[SourceVersion "1"]
[SourceVersionDate "2015.07.17"]
[SourceQuality "1"]

1. d4 Nf6 2. Nf3 e6 3. Nc3 d5 4. Bf4 Bb4 5. g3 b6 6. Bg2 0-0 7. Ne5 Ne4 8. Qd3 Ba6 9. Qe3 f6 10. Nd3 Bxc3+ 11. bxc3 Bb7 12. h4 Nc6 13. 0-0 Na5 14. Nb2 g5 15. hxg5 e5 16. Bxe4 exf4 17. Bxh7+ Kxh7 18. gxf4 Kg7 19. Qf3 fxg5 20. Nd3 Nc4 21. Qg3 Qe7 22. fxg5 Rh8 23. e3 Nd2 24. Rfe1 Qe4 25. Qe5+ Kg8 26. Nf4 Rh1# 0-1

[Event "IECC CL3-2011.06 email"]
[Site "IECC email"]
[Date "2011.07.07"]
[Round "?"]
[White "Boyce, Harry"]
[Black "Cavalcanti, Antonio"]
[Result "1-0"]
[WhiteElo "1920"]
[BlackElo "1831"]
[PlyCount "81"]
[EventDate "2011.??.??"]
[EventType "tourn (corr)"]
[EventRounds "4"]
[SourceTitle "Telechess CBM 149"]
[Source "ChessBase"]
[SourceDate "2012.07.17"]
[SourceVersion "1"]
[SourceVersionDate "2012.07.17"]
[SourceQuality "1"]
[WhiteTeam "Australia"]
[BlackTeam "Brazil"]
[WhiteTeamCountry "AUS"]
[BlackTeamCountry "BRA"]

1. e4 e5 2. Nf3 Nc6 3. Bb5 a6 4. Ba4 Bc5 5. c3 b5 6. Bb3 Bb6 7. d4 Qe7 8. Bd5 Nf6 9. 0-0 exd4 10. cxd4 0-0 11. Bg5 h6 12. Bxf6 Qxf6 13. e5 Qd8 14. Nc3 Rb8 15. Be4 Ne7 16. a4 b4 17. Nd5 Nxd5 18. Bxd5 c6 19. Bb3 d5 20. h3 Bf5 21. Rc1 Qd7 22. Bc2 Be4 23. Qe2 f5 24. Rfd1 a5 25. Bb3 Rbc8 26. Nh2 Qa7 27. f3 Bxd4+ 28. Kh1 Kh8 29. fxe4 fxe4 30. e6 Be3 31. Rc2 Bf4 32. Rf1 Qb7 33. Qg4 Bxh2 34. Rxf8+ Rxf8 35. Kxh2 Rf1 36. Qg3 Qa7 37. h4 Qg1+ 38. Kh3 Qa7 39. Rxc6 Kh7 40. Bxd5 Qd4 41. Bc4 1-0

[Event "IECC TH-M-2538"]
[Site "IECC email"]
[Date "2005.04.20"]
[Round "?"]
[White "Carroll, Robert"]
[Black "Cavalcanti, Antonio"]
[Result "0-1"]
[WhiteElo "1406"]
[BlackElo "1838"]
[PlyCount "28"]
[EventDate "2005.??.??"]
[EventType "tourn (corr)"]
[SourceTitle "Corr 2020"]
[Source "ChessBase"]
[SourceDate "2019.09.30"]
[SourceVersion "1"]
[SourceVersionDate "2019.09.30"]
[SourceQuality "1"]
[WhiteTeam "United States"]
[BlackTeam "Brazil"]
[WhiteTeamCountry "USA"]
[BlackTeamCountry "BRA"]

1. e4 c5 2. Nf3 d6 3. d4 cxd4 4. Nxd4 Nf6 5. Nc3 a6 6. Bg5 e6 7. f4 Be7 8. Qf3 h6 9. Bh4 Nc6 10. Nxc6 bxc6 11. e5 Nd5 12. Bxe7 Qxe7 13. 0-0-0 dxe5 14. fxe5 Qg5+ 0-1